Random Geography Quiz - T _ _ _ _ _ _ - Statistics

General Stats
  • This quiz has been taken 352 times
  • The average score is 10 of 20
Answer Stats
Hint Answer % Correct
Largest city in Canada Toronto
92%
Capital is Florence Tuscany
82%
Worldwide crop originated from the Americas, use for cigarettes Tobacco
80%
Second most populous city of Israel Tel Aviv
76%
_______ Republic of Northern Cyprus Turkish
74%
Massive disaster caused by earthquake Tsunami
73%
Mexican city near US land border Tijuana
71%
African country sharing first five letters with its capital Tunisia
70%
Capital city of an ex-USSR country in the Caucasus Tbilisi
61%
Language whose standard form is called Filipino Tagalog
60%
Official language of Turkmenistan Turkmen
59%
Japanese electronics company Toshiba
40%
South Asian capital Thimphu
34%
One of four municipalities of China Tianjin
29%
Starch used in Brazilian cuisine Tapioca
18%
Russian aircraft company Tupolev
12%
Territory of New Zealand in South Pacific Ocean Tokelau
10%
International airport serving Panama City Tocumen
4%
Taipei's main airport Taoyuan
3%
Name of India's national flag Tiraṅgā
3%
No matching quizzes found
Score Distribution
Percent of People with Each Score
Percentile by Number Answered
Your Score History
You have not taken this quiz